Циклы холодильных установок (Запись № 10399753)
[ простой вид ]
| 000 -МАРКЕР | |
|---|---|
| контрольное поле | 02297nam0a2200301 i 4500 |
| 001 - ИДЕНТИФИКАТОР ЗАПИСИ | |
| контрольное поле | RU\NLR\BIBL_A\010565148 |
| 005 - ИДЕНТИФИКАТОР ВЕРСИИ | |
| контрольное поле | 20260419063951.0 |
| 021 ## - НОМЕР ГОСУДАРСТВЕННОЙ РЕГИСТРАЦИИ | |
| Код страны | Российская Федерация |
| Номер | 14-79212 |
| 035 ## - ДРУГИЕ СИСТЕМНЫЕ НОМЕРА | |
| Идентификатор записи | (NLR Aleph) 010565148 |
| 100 ## - ДАННЫЕ ОБЩЕЙ ОБРАБОТКИ | |
| Данные общей обработки | 20141215d2013 u y0rusy50 ca |
| 101 0# - ЯЗЫК РЕСУРСА | |
| Язык текста, звукозаписи и т.д. | русский |
| 102 ## - СТРАНА ПУБЛИКАЦИИ ИЛИ ПРОИЗВОДСТВА | |
| Страна публикации | Российская Федерация |
| 105 ## - ПОЛЕ КОДИРОВАННЫХ ДАННЫХ: ТЕКСТОВЫЕ МАТЕРИАЛЫ, МОНОГРАФИЧЕСКИЕ | |
| Кодированные данные о монографическом текстовом документе | a|||z|||000yy |
| 200 1# - ЗАГЛАВИЕ И СВЕДЕНИЯ ОБ ОТВЕТСТВЕННОСТИ | |
| Основное заглавие | Циклы холодильных установок |
| Сведения, относящиеся к заглавию | конспект лекций |
| -- | учебно-методическое пособие к разделу "Циклы холодильных установок" дисциплин "Техническая термодинамика" и "Теоретические основы теплотехники" для студентов, обучающихся по основным образовательным программам: 270100.62 "Строительство", 270109.65 "Теплогазоснабжение и вентиляция", 140100.62 "Теплоэнергетика", 140104.65 "Промышленная теплоэнергетика" |
| Первые сведения об ответственности | М-во образования и науки Рос. Федерации, Федер. гос. бюджет. образоват. учреждение высш. проф. образования "Ижев. гос. техн. ун-т им. М.Т. Калашникова" |
| Последующие сведения об ответственности | [сост. В.Н. Диденко] |
| 210 ## - ПУБЛИКАЦИЯ, РАСПРОСТРАНЕНИЕ И ДР. | |
| Место издания, распространения и т.д. | Ижевск |
| Имя издателя, распространителя и т. д. | ИжГТУ |
| Дата издания, распространения и т.д. | 2013 |
| 215 ## - ФИЗИЧЕСКАЯ ХАРАКТЕРИСТИКА | |
| Специфическое обозначение материала и объем | 19, [1] с. |
| Другие сведения о физической характеристике | ил. |
| -- | 20 |
| 320 ## - ПРИМЕЧАНИЯ О НАЛИЧИИ В ДОКУМЕНТЕ БИБЛИОГРАФИИ / УКАЗАТЕЛЯ | |
| Текст примечания | Библиогр. в конце кн. (7 назв.) |
| 606 ## - НАИМЕНОВАНИЕ ТЕМЫ КАК ПРЕДМЕТ | |
| Наименование темы | Холодильные установки |
| Формальный подзаголовок | Учебно-методические пособия для высших учебных заведений |
| Системный номер авторитетной/нормативной записи | 960349 |
| Идентификатор авторитетной/нормативной записи | RU\NLR\AUTH\6639638 |
| 606 1# - НАИМЕНОВАНИЕ ТЕМЫ КАК ПРЕДМЕТ | |
| Наименование темы | Холодильные циклы |
| Формальный подзаголовок | Учебно-методические пособия для высших учебных заведений |
| Системный номер авторитетной/нормативной записи | 1912354 |
| Идентификатор авторитетной/нормативной записи | RU\NLR\AUTH\661160791 |
| 686 1# - ИНДЕКСЫ ДРУГИХ КЛАССИФИКАЦИЙ | |
| Индекс | З392я73-2 |
| 702 #1 - ИМЯ ЛИЦА - ВТОРИЧНАЯ ОТВЕТСТВЕННОСТЬ | |
| Начальный элемент ввода | Диденко |
| Часть имени, кроме начального элемента ввода | В. Н. |
| Расширение инициалов личного имени | Валерий Николаевич |
| Код отношения | Составитель |
| 712 02 - НАИМЕНОВАНИЕ ОРГАНИЗАЦИИ - ВТОРИЧНАЯ ОТВЕТСТВЕННОСТЬ | |
| Код отношения | Прочие |
| Начальный элемент ввода | Ижевский государственный технический университет им. М. Т. Калашникова |
| Идентификатор авторитетной/нормативной записи | RU\NLR\AUTH\889953746 |
| Системный номер авторитетной/нормативной записи | 403502 |
| 942 ## - ДОПОЛНИТЕЛЬНЫЕ ЭЛЕМЕНТЫ ЗАПИСИ (АБИС) | |
| Тип экземпляра АБИС | Книга |
| 980 ## - КОЛЛЕКЦИЯ | |
| Название коллекции | НБР |
Нет доступных экземпляров.